Harry Potter Trivia - Goblet of Fire - Statistics

General Stats
  • This quiz has been taken 417 times
    410 since last reset
  • The average score is 39 of 54
Answer Stats
Hint Answer % Correct
What touranment is happening at Hogwarts this year? The Tri-Wizard Tournament
91%
Who are we told the new Defense Against the Dark Arts professor is? Alistor "Mad-Eye" Moody
89%
Who does Harry have a crush on? Cho Chang
88%
What do the champions have to retreive to pass the First Task? A golden egg
86%
What is the killing curse? Avada Kedavra
86%
Who is the head of Durmstrang? Igor Karkaroff
86%
How do the Weasleys, Harry, and Hermione travel to the Quidditch World Cup? Using a portkey
86%
Who does Viktor Krum have to rescue from the Merpeople? Hermione Granger
85%
What is the name of Barty Crouch's house elf? Winky
85%
What does Moddy transfigure Draco Malfoy into as a punishment? A white ferret
84%
What countries are playing in the Quidditch World Cup? {Buglaria} and {Ireland}
83%
Who is the head of Beauxbatons? Madame Olympe Maxime
83%
Who is spying on Harry in the Prefect's Bathroom as he tried to figiure out clue for the Second Task? Moaning Mrytle
83%
Who does Ron ask out for the Yule Ball before Hermione? Fleur Delacour
82%
What do Fred and George grow when they try to enter the tournament? They grow beards
82%
Who do Viktor Krum and Harry discover emerging fromt he forest, asking for Dumbledore? Barty Crouch
81%
Blood: What does Wormtail take from Harry? Blood
81%
Flesh: What does Wormtail cut off himself? His right hand
81%
What colour is Wormtail's new hand? Silver
81%
What do the Death Eaters cast in the sky in the campground after the match? The Dark Mark
81%
What dragon does Harry have to pass? A Hungarian Horntail
80%
Who does Viktor Krum attack in the Third Task? Cedric Diggory
80%
What does Harry use to swim under water in the Second Task? Gillyweed
80%
Whos wand is she caught holding in the forest? Harry Potter's
80%
What do the champions have to navigate for the Third Task? A maze
79%
What has been hurting Harry since the summer? His scar
79%
Where does Hagrid show Harry the dragons for the First Task? The Forbidden Forest
78%
Who is the caretaker of the Riddle family mansion, killed by Voldemort? Frank Bryce
77%
What do the champions have to find to win the Tournament? The Tri-Wizard Cup
77%
Where are Dobby and Winky working now? In the Hogwarts kitchens
76%
What potion has Barty Crouch Jr. been using to appear to be Alistor Moody? Polyjuice potion
76%
What does Rita Skeeter reveal Hagrid is? Half-giant
74%
What does Rita Skeeter write her scandalous articles for? The Daily Prophet
73%
Who is head of the Department of Magical Games and Sports? Ludo Bagman
72%
Bone: Whos bone dust does Wormtail place in the cauldron? Tom Riddle Sr.
72%
What does Harry find in Dumbledore's office to see his memories? A pensieve
70%
What curse had Barty Crouch Sr. been using on his son to keep him under control? The Imperius Curse
70%
What town is the Riddle family mansion located in? Little Hangleton
69%
What club does Hermione create to promote house elf rights? Society for the Promotion of Elvish Welfare
69%
What group does Dumbledore dispatch Sirius to reinstate? The Order of the Phoenix
66%
Who was Barty Crouch Jr. convicted of torturing with the Cruciatus curse? Alice and Frank Longbottom
65%
What potion does Snape bring to force the truth from Brty Crouch Jr.? Veritaserum
64%
What does Voldemort say to Wormtail before Cedric is killed? {Kill} {the} {spare}
62%
In what country did Bertha Jorkins disappear? Albania
61%
Who oversees the Weighing of the Wands? Mr. Ollivander
58%
What did Barty Crouch Jr. transfigure his father into after killing him? A bone
54%
Where are Sirius Black and Buckbeak living near Hogsmeade? In a mountain cave
53%
When Harry has a dream of Voldemort torturing someone for allowing someone to escape, who is being tortured? Peter Pettigrew
53%
What creatures does Hagrid have students looking for gold coins with? Nifflers
52%
What does Cedric Diggory transfigure a rock into to pass the Swedish Short-Snout dragon? A dog
47%
What candy does Fred and George give Dudley, making his tounge grow? Ton-Tounge Toffee
45%
What is the answer to the Sphinx's riddle? "spyder" or spider.
41%
Where in Little Hangleton are Harry and Cedric transported? The cemetery
39%
What effect occurs when Harry and Voldemort's wands meet? Priori Incantatem
38%
No matching quizzes found
Score Distribution
Percent of People with Each Score
Percentile by Number Answered
Your Score History
You have not taken this quiz since the last reset